| 000 | 00462nam a2200181Ia 4500 | ||
|---|---|---|---|
| 005 | 20250423095254.0 | ||
| 008 | 250422s9999 xx 000 0 und d | ||
| 020 | _a9786782249 | ||
| 050 | _aPN 4778 .E85/ | ||
| 100 | _aEsimokha, Godwin A. | ||
| 245 | 0 | _aEssentials of copy editing in mass communication | |
| 260 | _aLagos | ||
| 260 | _bGreat Achievers communication | ||
| 260 | _c2016 | ||
| 300 | _a143 p | ||
| 650 | _a Copy editing. | ||
| 942 | _cBK | ||
| 999 |
_c29770 _d29770 |
||